000 004120000a22001570004500
003 LK-CoMWRAF
008 230817t ||||| |||| 00| 0 eng d
040 _aLK-CoMWRAF
_dLK-CoMWRAF
_eLK-CoMWRAF
041 _aeng
100 _aSaahibuoliyulla, Muhammad
245 _aThiruneri Neetham
_b
260 _bIslamiya Ilakkiya Kazhagam
_aIndia (Chennai)
_c2007
300 _ap.608
650 _aTamil Text
942 _cBK
999 _c2413
_d2413